Tathqīf al-kibār (Record no. 47072)

MARC details
000 -LEADER
fixed length control field 00689cam a22002411 4500
001 - CONTROL NUMBER
control field ne 64001383
003 - CONTROL NUMBER IDENTIFIER
control field DLC
005 - DATE AND TIME OF LATEST TRANSACTION
control field 20260227111800.0
008 - FIXED-LENGTH DATA ELEMENTS--GENERAL INFORMATION
fixed length control field 900807s1963 ua b 000 0 ararc
010 ## - LIBRARY OF CONGRESS CONTROL NUMBER
LC control number ne 64001383
025 ## - OVERSEAS ACQUISITION NUMBER
Overseas acquisition number PL480:UAR-3853
035 ## - SYSTEM CONTROL NUMBER
System control number (OCoLC)22193141
040 ## - CATALOGING SOURCE
Original cataloging agency Princeton Univ. Libr.
Transcribing agency WaU
Modifying agency DLC
042 ## - AUTHENTICATION CODE
Authentication code premarc
050 00 - LIBRARY OF CONGRESS CALL NUMBER
Classification number LC5215
Item number .K48
100 1# - MAIN ENTRY--PERSONAL NAME
Personal name Khalīl, Fāris.
245 10 - TITLE STATEMENT
Title Tathqīf al-kibār
Statement of responsibility, etc. [taʼlīf] Fāris Khalīl.
250 ## - EDITION STATEMENT
Edition statement [al-Ṭabʻah al-ūlá]
260 ## - PUBLICATION, DISTRIBUTION, ETC.
Place of publication, distribution, etc. al-Qāhirah,
Name of publisher, distributor, etc. Maktabat al-Qāhirah al-Ḥadīthah
Date of publication, distribution, etc. [1963]
300 ## - PHYSICAL DESCRIPTION
Extent 138 p.
Dimensions 20 cm.
504 ## - BIBLIOGRAPHY, ETC. NOTE
Bibliography, etc. note Bibliography: p. [129]-132.
650 #0 - SUBJECT ADDED ENTRY--TOPICAL TERM
Topical term or geographic name entry element Adult education.

No items available.

Powered by Koha